| 000 | 01021nam a2200277Ia 4500 | ||
|---|---|---|---|
| 008 | 130821s2004 xxua gr eng | ||
| 020 | _a9781441919052 | ||
| 040 |
_aCo-BoUCM _bspa |
||
| 041 | 0 | 0 | _aeng |
| 060 | _aWA 900 | ||
| 245 | 0 | 0 |
_aRegression methods in biostatistics linear, logistic, survival, and repeated measures models _cEric Vittinghoff...[et at.] |
| 260 |
_aNueva York (Estados Unidos) _bSpringer _c2004 |
||
| 300 |
_axv, 340 páginas _bilustraciones gráficos, cuadros |
||
| 490 | 0 | _aStatistics for biology and health | |
| 504 | _aIncluye referencias bibliográficas e índice. | ||
| 650 | 0 | 4 |
_aAnálisis de regresión _98967 |
| 650 | 0 | 4 |
_aBioestadística _910100 |
| 650 | 0 | 4 |
_aBiometría _910147 |
| 650 | 0 | 4 |
_aCiencias naturales _910813 |
| 650 | 0 | 4 |
_aMedicina _xInvestigaciones _vMétodos estadísticos _9225 |
| 700 | 1 | _aGlidden David V. | |
| 700 | 1 | _aMcCulloch Charles E. | |
| 700 | 1 | _aShiboski, Stephen C. | |
| 700 | 1 | _aVittinghoff, Eric | |
| 942 |
_cLIBRO _a25 _e1 _mR343 _2NLM _hWA 900 |
||
| 999 |
_c72343 _d72343 |
||